Jakiego państwa jest ta stolica - Statystyki

Ogólne statystyki
  • Ten quiz został rozwiązany 30 razy
  • Średni wynik to 10 z 15
Statystyki odpowiedzi
Państwo odpowiedź % Poprawnych
Grecja Ateny
100%
Wielka Brytania Londyn
96%
Hiszpania Madryt
88%
Stany Zjednoczonej Ameryki Waszyngton
85%
Chiny Pekin
81%
Australia Canberra
73%
Brazylia Brasília
69%
Kanada Ottawa
69%
Indonezja Dżakarta
62%
Republika południowej Afryki Pretoria | Kapsztad | Bloemfontein
54%
Nowa Zelandia Wellington
54%
Chile Santiago
50%
Kolumbia Bogota
46%
Kuba Havanna
31%
Demokratyczna Republika Konga Kinsasza
8%
Nie znaleziono quizów pasujących do podanych kryteriów
Rozkład punktacji
Procent ludzi z każdym wynikiem
Percentyl według liczby udzielonych odpowiedzi
Twoja historia wyników
Nie rozwiązałeś tego quizu